Giáo trình 3D studio max 6 (Dùng trong các trường THCN)

Nội dung tài liệu được chia thành 2 phần chính: giới thiệu các khái niệm cơ bản và mô hình xây dựng các đối tượng 3D; giới thiệu các phương pháp sử dụng chất liệu, ánh sáng cho đối tượng và tạo hoạt cảnh cho các đối tượng 3D....

Full beskrivning

Sparad:
Bibliografiska uppgifter
Huvudupphovsman: Phan, Thế Hùng
Materialtyp: Bok
Språk:Undetermined
Publicerad: Hà Nội Nhà xuất bản Hà Nội 2007
Ämnen:
Taggar: Lägg till en tagg
Inga taggar, Lägg till första taggen!
Thư viện lưu trữ: Trung tâm Học liệu Trường Đại học Cần Thơ
LEADER 00993nam a2200217Ia 4500
001 CTU_142694
008 210402s9999 xx 000 0 und d
020 |c 16500 
082 |a 005.3 
082 |b H513 
100 |a Phan, Thế Hùng 
245 0 |a Giáo trình 3D studio max 6 
245 0 |b (Dùng trong các trường THCN) 
245 0 |c Phan Thế Hùng 
260 |a Hà Nội 
260 |b Nhà xuất bản Hà Nội 
260 |c 2007 
520 |a Nội dung tài liệu được chia thành 2 phần chính: giới thiệu các khái niệm cơ bản và mô hình xây dựng các đối tượng 3D; giới thiệu các phương pháp sử dụng chất liệu, ánh sáng cho đối tượng và tạo hoạt cảnh cho các đối tượng 3D. 
650 |a Computer graphics,Đồ họa máy tính 
904 |i Duy Bằng 
980 |a Trung tâm Học liệu Trường Đại học Cần Thơ